|
|
|
|
| LEADER |
00000nam0a2200000 4500 |
| 001 |
162836 |
| 005 |
20231101222342.0 |
| 010 |
|
|
|a 9785811408061
|b 2000 экз.
|
| 021 |
|
|
|a RU
|b 08-60396
|9 08-3391
|
| 035 |
|
|
|a (RuTPU)RU\TPU\book\176623
|
| 090 |
|
|
|a 162836
|
| 100 |
|
|
|a 20090629d2008 m y0rusy5002 ca
|
| 101 |
0 |
|
|a rus
|
| 102 |
|
|
|a RU
|
| 105 |
|
|
|a a j 000zy
|
| 200 |
1 |
|
|a Элементы физической механики
|e учебное пособие
|f Н. С. Бухман
|
| 205 |
|
|
|a 2-е изд., испр.
|
| 210 |
|
|
|a СПб.
|c Лань
|d 2008
|
| 215 |
|
|
|a 155 с.
|c ил.
|
| 225 |
1 |
|
|a Учебники для вузов. Специальная литература
|
| 330 |
|
|
|a Учебное пособие по разделу «Физическая механика» курса «Физика» предназначено для студентов первого семестра первого курса дневной и заочной форм обучения. Кратко изложены физические основы механики как раздела курса физики для технических вузов. Изложен лекционный материал по кинематике и динамике материальной точки, силам (упругости, трения, тяготения, инерции), импульсу и моменту импульса механических систем, кинетической и потенциальной энергии механических систем, движению твердого тела и элементам релятивистской механики. Каждый раздел пособия снабжен вопросами для самоконтроля. В конце пособия приведены упражнения для закрепления лекционного материала.
|
| 606 |
1 |
|
|a Физическая механика
|2 stltpush
|3 (RuTPU)RU\TPU\subj\63823
|9 80760
|
| 610 |
1 |
|
|a физика
|
| 610 |
1 |
|
|a кинематика
|
| 610 |
1 |
|
|a динамика
|
| 610 |
1 |
|
|a сила
|
| 610 |
1 |
|
|a импульсы
|
| 610 |
1 |
|
|a материальная точка
|
| 610 |
1 |
|
|a релятивистская механика
|
| 610 |
1 |
|
|a учебные пособия
|
| 675 |
|
|
|a 531(075.8)
|v 3
|
| 700 |
|
1 |
|a Бухман
|b Н. С.
|g Николай Сергеевич
|
| 801 |
|
0 |
|a RU
|b 63413507
|c 20080911
|g PSBO
|
| 801 |
|
1 |
|a RU
|b 63413507
|c 20090629
|g PSBO
|
| 801 |
|
2 |
|a RU
|b 63413507
|c 20200828
|g PSBO
|
| 830 |
|
|
|a <b><br /> <b>Бухман Н. С.</b> Элементы физической механики : учеб. пособие / Н. С. Бухман. - Изд. 2-е, испр. - СПб. [и др.] : Лань, 2008. - 155 с. : ил.; 20 см. - (Учебники для вузов. Специальная литература). - 2000 экз. - ISBN 978-5-8114-0806-1. - [08-60396]<br /> - - 1. Механика. </p><p style='text-align:right'>УДК 531(075.8) <br />ББК 22.21я73 </p>
|
| 900 |
|
|
|a Элементы физической мезомеханики материалов
|
| 900 |
|
|
|a Физическая мезомеханика
|
| 900 |
|
|
|a Физика
|
| 942 |
|
|
|c BK
|